Programming plug and play (Record no. 11429)
[ view plain ]
| 000 -LEADER | |
|---|---|
| fixed length control field | 00380nam a2200169Ia 4500 |
| 001 - CONTROL NUMBER | |
| control field | 10434 |
| 008 - FIXED-LENGTH DATA ELEMENTS--GENERAL INFORMATION | |
| fixed length control field | 140328s9999 xx 000 0 und d |
| 020 ## - INTERNATIONAL STANDARD BOOK NUMBER | |
| International Standard Book Number | 0-672-30703-0 |
| 040 ## - CATALOGING SOURCE | |
| Transcribing agency | PK-LaUMT |
| 082 ## - DEWEY DECIMAL CLASSIFICATION NUMBER | |
| Classification number | 005.3 |
| Item number | KEL-P |
| 100 ## - MAIN ENTRY--PERSONAL NAME | |
| Personal name | Kelsey, James |
| 245 ## - TITLE STATEMENT | |
| Title | Programming plug and play |
| Statement of responsibility, etc | Kelsey, James |
| 260 ## - PUBLICATION, DISTRIBUTION, ETC. (IMPRINT) | |
| Date of publication, distribution, etc | 1995 |
| 300 ## - PHYSICAL DESCRIPTION | |
| Extent | 363 p. |
| 546 ## - LANGUAGE NOTE | |
| Language note | EN |
| 942 ## - ADDED ENTRY ELEMENTS (KOHA) | |
| Koha item type | Books |
| Withdrawn status | Lost status | Damaged status | Not for loan | Home library | Current library | Date acquired | Total Checkouts | Full call number | Barcode | Date last seen | Price effective from | Koha item type |
|---|---|---|---|---|---|---|---|---|---|---|---|---|
| UMT Main Campus | UMT Main Campus | 2014-03-28 | 005.3 KEL-P | 10739 | 2014-03-28 | 2014-03-28 | Books |
